000 00658nam a22002297a 4500
005 20250902113634.0
008 250902b |||||||| |||| 00| 0 eng d
020 _a978-93-6013-547-8 (hbk)
037 _cTB
040 _aCRL
_cCRL
041 _2URD
_aURD
084 _aO168,3:g R4
_bCRL
100 _aSahil, M. Sharfuddin
_9216632
245 _a384p.
260 _aJabalpur, India:
_bKamaal publications,
_c2024.
300 _a384p.
365 _b400.00
_cINR
650 _aUrdu Literature
650 _aUrdu Fiction
_93298
942 _2CC
_cTB
_hO168,3:g R4
_n0
999 _c1435045
_d1435045